[Event "VI Festival A"]
[Site "Roseto degli Abruzzi ITA"]
[Date "2014.06.01"]
[Round "5"]
[White "Di Pietro, Gabriele"]
[Black "Bizzarro, Sofia"]
[WhiteElo "1884"]
[BlackElo "1824"]
[Result "1-0"]
[PlyCount "75"]
[EventDate "2014.05.30"]

1. e4 e5 2. Nf3 Nc6 3. Bc4 Bc5 4. c3 Nf6 5. d4 exd4 6. cxd4 Bb4+ 7. Nc3 O-O 8.
O-O Bxc3 9. bxc3 Nxe4 10. Qc2 d5 11. Bd3 Re8 12. Re1 Nf6 13. Bg5 Re6 14. Bxh7+
Kh8 15. Bf5 Rd6 16. Ne5 Qf8 17. Qd3 Ng8 18. Qf3 Bxf5 19. Qxf5 Nxe5 20. dxe5 Re6
21. Re3 Nh6 22. Rh3 Rae8 23. Bxh6 Rxh6 24. Rxh6+ gxh6 25. Re1 Qg7 26. Kf1 Re6
27. Re3 Qg6 28. Qxg6 Rxg6 29. f4 Kg7 30. Kf2 Ra6 31. Re2 Ra3 32. Rc2 Kg6 33. g4
Ra4 34. Ke3 Re4+ 35. Kf3 Rc4 36. f5+ Kg5 37. h4+ Kxh4 38. Rh2+ 1-0

[Event "VI Festival A"]
[Site "Roseto degli Abruzzi ITA"]
[Date "2014.06.01"]
[Round "5"]
[White "Franciosi, Fausto"]
[Black "Messina, Enrico"]
[WhiteElo "2104"]
[BlackElo "2169"]
[Result "1/2-1/2"]
[PlyCount "34"]
[EventDate "2014.05.30"]

1. d4 Nf6 2. c4 c5 3. d5 b5 4. cxb5 a6 5. b6 Qxb6 6. Nc3 d6 7. e4 g6 8. Nf3 Bg7
9. Be2 O-O 10. h3 Nbd7 11. O-O Rb8 12. a4 Qa7 13. Nd2 Ne5 14. Kh1 g5 15. Nc4
Nxc4 16. Bxc4 Rb4 17. Bd3 g4 1/2-1/2

[Event "VI Festival A"]
[Site "Roseto degli Abruzzi ITA"]
[Date "2014.06.01"]
[Round "5"]
[White "Naumkin, Igor"]
[Black "Marvulli, Dario"]
[WhiteElo "2430"]
[BlackElo "1889"]
[Result "1-0"]
[PlyCount "53"]
[EventDate "2014.05.30"]

1. d4 c5 2. d5 e5 3. c4 d6 4. e4 Nf6 5. Nc3 Be7 6. Nf3 Nbd7 7. Be2 O-O 8. O-O
Ne8 9. a3 g6 10. Ne1 Ng7 11. Nd3 f5 12. exf5 gxf5 13. f4 e4 14. Ne1 Qe8 15. b4
Bf6 16. Bb2 Bd4+ 17. Kh1 b6 18. Nc2 Bf6 19. Rb1 Qg6 20. g4 Bxc3 21. Bxc3 fxg4
22. Bxg4 Nf6 23. Bxc8 Raxc8 24. Rg1 Qf5 25. Qe2 cxb4 26. axb4 Qh5 27. Rxg7+ 1-0

[Event "VI Festival A"]
[Site "Roseto degli Abruzzi ITA"]
[Date "2014.06.01"]
[Round "5"]
[White "Rosato, Dario"]
[Black "Puga Villarino, Eloy"]
[WhiteElo "1869"]
[BlackElo "1840"]
[Result "1/2-1/2"]
[PlyCount "39"]
[EventDate "2014.05.30"]

1. c4 Nf6 2. Nc3 c6 3. e4 d5 4. e5 d4 5. exf6 dxc3 6. fxg7 cxd2+ 7. Qxd2 Qxd2+
8. Bxd2 Bxg7 9. O-O-O Bf5 10. Ne2 Nd7 11. Ng3 Bg6 12. h4 h5 13. Be2 O-O-O 14.
Bg5 f6 15. Be3 Kc7 16. f4 e5 17. f5 Bf7 18. Ne4 Nb6 19. c5 Nd5 20. Bd2 1/2-1/2

[Event "VI Festival A"]
[Site "Roseto degli Abruzzi ITA"]
[Date "2014.06.01"]
[Round "5"]
[White "Tribuiani, Renato"]
[Black "Pecorari, Marcello"]
[WhiteElo "1974"]
[BlackElo "2028"]
[Result "0-1"]
[PlyCount "58"]
[EventDate "2014.05.30"]

1. d4 Nf6 2. Nc3 d6 3. e4 e5 4. d5 Be7 5. Be2 O-O 6. Bf3 c6 7. Nge2 cxd5 8.
Nxd5 Nxd5 9. Qxd5 Nc6 10. c3 Be6 11. Qd3 Qa5 12. O-O Rfd8 13. Rd1 a6 14. Be3 b5
15. b3 Qc7 16. h3 Rac8 17. Bg4 Qd7 18. Bf3 g6 19. g4 h5 20. gxh5 Bxh3 21. hxg6
fxg6 22. Ng3 Kg7 23. Qd2 Rh8 24. Bg5 Rcf8 25. Bh1 Bg4 26. Bxe7 Qxe7 27. Re1 Qh4
28. Re3 Qh2+ 29. Kf1 Bh3+ 0-1

[Event "VI Festival A"]
[Site "Roseto degli Abruzzi ITA"]
[Date "2014.06.02"]
[Round "6"]
[White "Bighiu, Gheorghe"]
[Black "Di Pietro, Gabriele"]
[WhiteElo "1989"]
[BlackElo "1884"]
[Result "1/2-1/2"]
[PlyCount "239"]
[EventDate "2014.05.30"]

1. h3 c6 2. d4 Nf6 3. Nf3 g6 4. Bf4 Bg7 5. Nbd2 d5 6. c3 O-O 7. e3 Nbd7 8. Bd3
b6 9. e4 dxe4 10. Nxe4 Bb7 11. O-O Nxe4 12. Bxe4 Nf6 13. Bc2 Rc8 14. Qe2 e6 15.
Rad1 Qd5 16. b4 Qh5 17. c4 Rfd8 18. Be4 Nxe4 19. Qxe4 Rd7 20. Qe3 a5 21. Ng5 h6
22. g4 Qh4 23. Ne4 axb4 24. c5 bxc5 25. Nxc5 Rcd8 26. Nxd7 Rxd7 27. Be5 Rd5 28.
Bxg7 Kxg7 29. Rfe1 h5 30. Qg3 Qxg3+ 31. fxg3 hxg4 32. hxg4 c5 33. Re5 cxd4 34.
Rxd5 Bxd5 35. Rxd4 Bxa2 36. Rxb4 Bd5 37. Kf2 g5 38. Ke3 f6 39. Kd4 Bf3 40. Kc5
f5 41. Kd6 Kf6 42. gxf5 exf5 43. Rd4 Bh5 44. Rb4 Bf3 45. Rb8 Bh5 46. Rf8+ Bf7
47. Rh8 f4 48. gxf4 gxf4 49. Kc5 Ke5 50. Rh7 Bg6 51. Re7+ Kf5 52. Kd4 Kf6 53.
Ra7 Bf5 54. Ra8 Be6 55. Ke4 Kg5 56. Ra1 Bf5+ 57. Ke5 f3 58. Rg1+ Bg4 59. Ke4
Kh4 60. Kf4 f2 61. Rf1 Bc8 62. Rxf2 Kh3 63. Rf1 Kg2 64. Rc1 Bd7 65. Rc2+ Kh3
66. Rc3+ Kg2 67. Rd3 Bc6 68. Rd2+ Kf1 69. Ke3 Kg1 70. Rc2 Bb7 71. Rb2 Bc6 72.
Rf2 Bd5 73. Rf5 Bc6 74. Rf6 Bd5 75. Rf2 Bc6 76. Rf6 Bd5 77. Rg6+ Kf1 78. Rg3
Bc6 79. Rh3 Bb7 80. Rh2 Kg1 81. Rb2 Bc6 82. Kf4 Kf1 83. Ke3 Bd5 84. Rf2+ Kg1
85. Rd2 Bc6 86. Rd6 Bb7 87. Rg6+ Kf1 88. Rg3 Bc6 89. Rh3 Bd5 90. Rh2 Bc6 91.
Rc2 Bd5 92. Kf4 Bb7 93. Kg3 Bd5 94. Rc5 Bb7 95. Rc7 Bd5 96. Rc8 Bb7 97. Rb8 Bd5
98. Re8 Bc6 99. Re3 Bb7 100. Rb3 Bc6 101. Rb2 Bd5 102. Kf4 Bc6 103. Ke3 Bd5
104. Rf2+ Kg1 105. Rd2 Bc6 106. Rc2 Bb7 107. Kf4 Kf1 108. Rb2 Bc6 109. Ke3 Bd5
110. Rf2+ Kg1 111. Rf5 Bc6 112. Rg5+ Kf1 113. Rh5 Bb7 114. Rf5+ Kg2 115. Rf7
Bc6 116. Rf2+ Kg1 117. Rf6 Bb7 118. Rf7 Bc6 119. Rc7 Bd5 120. Rg7+ 1/2-1/2

[Event "VI Festival A"]
[Site "Roseto degli Abruzzi ITA"]
[Date "2014.06.02"]
[Round "6"]
[White "Bizzarro, Sofia"]
[Black "Rosato, Dario"]
[WhiteElo "1824"]
[BlackElo "1869"]
[Result "1/2-1/2"]
[PlyCount "30"]
[EventDate "2014.05.30"]

1. e4 c5 2. Nf3 Nc6 3. d4 cxd4 4. Nxd4 Nf6 5. Nc3 e5 6. Ndb5 d6 7. Bg5 a6 8.
Na3 b5 9. Nd5 Be7 10. Bxf6 Bxf6 11. c3 O-O 12. Be2 Be6 13. Nc2 Bxd5 14. Qxd5
Ne7 15. Qd2 d5 1/2-1/2

[Event "VI Festival A"]
[Site "Roseto degli Abruzzi ITA"]
[Date "2014.06.02"]
[Round "6"]
[White "Di Lascio, Savino"]
[Black "Tribuiani, Renato"]
[WhiteElo "1878"]
[BlackElo "1974"]
[Result "0-1"]
[PlyCount "134"]
[EventDate "2014.05.30"]

1. Nf3 d5 2. b4 Bg4 3. Bb2 Bxf3 4. exf3 e6 5. a4 Nf6 6. b5 Be7 7. d4 O-O 8. Bd3
a6 9. Nd2 axb5 10. axb5 Nbd7 11. O-O Nb6 12. c3 Rxa1 13. Bxa1 Qd6 14. Qc2 Ra8
15. Bb2 g6 16. Rb1 Qf4 17. g3 Qh6 18. Bc1 Qf8 19. Nb3 Nfd7 20. Be3 Ra7 21. h4
c5 22. bxc6 bxc6 23. h5 Nc4 24. Bxc4 dxc4 25. Nd2 Nf6 26. hxg6 fxg6 27. d5 Bc5
28. Bxc5 Qxc5 29. Rb8+ Kg7 30. dxe6 Qe5 31. Rb4 Qe1+ 32. Kg2 Ra1 33. Rb7+ Kh6
34. Nb1 Qxe6 35. Qd2+ g5 36. Qd8 g4 37. Qf8+ Kg6 38. Rg7+ Kh5 39. fxg4+ Nxg4
40. Rxh7+ Nh6 41. g4+ Qxg4+ 42. Kh2 Qh4+ 43. Kg2 Qe4+ 44. Qf3+ Qxf3+ 45. Kxf3
Rxb1 46. Ke2 Kg6 47. Rc7 Rb6 48. Ke3 Nf5+ 49. Ke4 Kf6 50. Rh7 Ke6 51. Rh5 Rb5
52. Rh1 Re5+ 53. Kf3 Kd6 54. Kf4 Rd5 55. Rh5 Ng7 56. Rh1 Ne6+ 57. Kg4 Rd3 58.
Rc1 Nc5 59. f4 Ne4 60. Kf5 Rxc3 61. Rd1+ Rd3 62. Rc1 Kd5 63. Re1 Nd6+ 64. Kf6
c3 65. Re5+ Kd4 66. Ke6 c2 67. Kxd6 c1=Q 0-1

[Event "VI Festival A"]
[Site "Roseto degli Abruzzi ITA"]
[Date "2014.06.02"]
[Round "6"]
[White "Manfroi, Andrea"]
[Black "Franciosi, Fausto"]
[WhiteElo "1907"]
[BlackElo "2104"]
[Result "0-1"]
[PlyCount "78"]
[EventDate "2014.05.30"]

1. e4 d6 2. d4 Nf6 3. Nc3 e5 4. dxe5 dxe5 5. Qxd8+ Kxd8 6. Bg5 c6 7. O-O-O+ Ke8
8. a3 Nbd7 9. h3 h6 10. Bh4 Be7 11. Nf3 Nh5 12. Bxe7 Kxe7 13. g3 Nhf6 14. Bg2
b5 15. Nh4 g6 16. f4 Nh5 17. fxe5 Nxe5 18. g4 Nf6 19. Nf3 Nfd7 20. Nxe5 Nxe5
21. Ne2 Be6 22. Nd4 Rad8 23. Nf3 Kf6 24. Rhf1 Nxf3 25. Rxf3+ Ke5 26. Rfd3 Rxd3
27. Rxd3 h5 28. gxh5 Rxh5 29. Rc3 Rg5 30. Bf3 Rg3 31. h4 Kf4 32. h5 gxh5 33.
Bxh5 Rxc3 34. bxc3 Kxe4 35. Kb2 Ke3 36. a4 bxa4 37. Ka3 Kd2 38. Bf3 Bd5 39. Bg4
Kxc2 0-1

[Event "VI Festival A"]
[Site "Roseto degli Abruzzi ITA"]
[Date "2014.06.02"]
[Round "6"]
[White "Marozzi, Giovanni"]
[Black "Marvulli, Dario"]
[WhiteElo "1913"]
[BlackElo "1889"]
[Result "1-0"]
[PlyCount "55"]
[EventDate "2014.05.30"]

1. e4 Nc6 2. Nf3 e5 3. Bb5 a6 4. Bxc6 dxc6 5. d4 Bg4 6. dxe5 Qxd1+ 7. Kxd1
O-O-O+ 8. Ke1 Bc5 9. h3 Bh5 10. Bf4 Bxf3 11. gxf3 Ne7 12. Bg3 Ng6 13. f4 Rhe8
14. Nd2 h5 15. h4 Bb6 16. Rd1 Rd4 17. f3 Red8 18. Ke2 Bc5 19. f5 Ne7 20. Nb3
Rxd1 21. Rxd1 Rxd1 22. Kxd1 Bb6 23. Ke2 Kd7 24. Kd3 g6 25. fxg6 fxg6 26. f4 Ke6
27. c4 c5 28. Bf2 1-0

[Event "VI Festival A"]
[Site "Roseto degli Abruzzi ITA"]
[Date "2014.06.02"]
[Round "6"]
[White "Pecorari, Marcello"]
[Black "Vesce, Emanuele"]
[WhiteElo "2028"]
[BlackElo "1984"]
[Result "1/2-1/2"]
[PlyCount "34"]
[EventDate "2014.05.30"]

1. e4 c5 2. Nf3 d6 3. c3 Nf6 4. Be2 g6 5. O-O Bg7 6. Re1 O-O 7. Bf1 Nc6 8. h3
e5 9. d4 cxd4 10. cxd4 Re8 11. dxe5 dxe5 12. Nc3 h6 13. Be3 Qa5 14. Bc4 Be6 15.
Bxe6 Rxe6 16. Qb3 Rd8 17. Red1 Re7 1/2-1/2

[Event "VI Festival A"]
[Site "Roseto degli Abruzzi ITA"]
[Date "2014.06.02"]
[Round "6"]
[White "Puga Villarino, Eloy"]
[Black "Bria, Simone"]
[WhiteElo "1840"]
[BlackElo "1815"]
[Result "1-0"]
[PlyCount "43"]
[EventDate "2014.05.30"]

1. e4 c5 2. Nf3 d6 3. Bb5+ Bd7 4. Bxd7+ Qxd7 5. O-O Nc6 6. Qe2 Nf6 7. Rd1 e5 8.
c3 Be7 9. d4 Qg4 10. d5 Nd8 11. Nbd2 O-O 12. h3 Qd7 13. a4 b6 14. Nf1 Nb7 15.
Ng3 g6 16. Nh2 Rfe8 17. h4 Bf8 18. Bg5 Bg7 19. Qf3 Nh5 20. Nxh5 gxh5 21. Qxh5
Na5 22. Ng4 1-0

[Event "Torneo Internazionale"]
[Site "Stavanger NOR"]
[Date "2014.06.03"]
[Round "1"]
[White "Grischuk, Alexander"]
[Black "Caruana, Fabiano"]
[WhiteElo "2792"]
[BlackElo "2791"]
[Result "0-1"]
[EventDate "2014.06.03"]

1. d4 Nf6 2. c4 g6 3. g3 Bg7 4. Bg2 c5 5. d5 O-O 6. Nc3 e6 7. Nf3 exd5 8. cxd5
d6 9. O-O Re8 10. a4 Ne4 11. Nxe4 Rxe4 12. Nd2 Rb4 13. Ra2 a5 14. b3 b5 15. axb5
Nd7 16. Ne4 Qe7 17. Qc2 Rxb5 18. Bg5 Nf6 19. Qd3 Rb7 20. Qe3 h6 21. Bxf6 Bxf6
22. Qf4 Be5 23. Qxh6 Rxb3 24. Nxc5 Rb5 25. Nd3 Bg7 26. Qd2 a4 27. Qc2 a3 28.
Rxa3 Rxa3 29. Qxc8+ Kh7 30. Bf3 Rc3 31. Qg4 Rbb3 32. h4 f5 33. Qa4 Ra3 34. Qd1
Bh6 35. Kg2 Qf6 36. Rh1 Qd4 37. Qb1 Rab3 38. Qa2 Rxd3 39. exd3 Rb2 0-1

[Event "Torneo Internazionale"]
[Site "Stavanger NOR"]
[Date "2014.06.05"]
[Round "3"]
[White "Carlsen, Magnus"]
[Black "Caruana, Fabiano"]
[WhiteElo "2881"]
[BlackElo "2791"]
[Result "1/2-1/2"]
[EventDate "2014.06.03"]

1. d4 Nf6 2. c4 g6 3. f3 d5 4. cxd5 Nxd5 5. e4 Nb6 6. Nc3 Bg7 7. Be3 O-O 8. Qd2
Nc6 9. O-O-O Qd6 10. Nb5 Qd7 11. Kb1 Rd8 12. d5 a6 13. Nc3 Qe8 14. Qc1 Na5 15.
Bh6 Bxh6 16. Qxh6 e6 17. Nh3 Qe7 18. Bd3 e5 19. Nf2 Nbc4 20. h4 Rd6 21. Bxc4
Nxc4 22. Qc1 b5 23. Nd3 Bd7 24. b3 Nb6 25. h5 g5 26. g3 c6 27. f4 cxd5 28. Nxe5
d4 29. Qa3 a5 30. Nxb5 Bxb5 31. Rxd4 Re6 32. Qxe7 Rxe7 33. Rc1 Nd7 34. Rc7 Nxe5
35. Rxe7 Nc6 36. Rd5 Bd3+ 37. Rxd3 Nxe7 38. fxg5 Rb8 39. Rd7 Kf8 40. Ra7 Rb5 41.
Ra8+ Kg7 42. Re8 Re5 43. g4 Rxe4 44. Kc2 Re5 45. Kd3 f6 46. gxf6+ Kxf6 47. Rh8
Kg7 48. Re8 Kh6 49. a3 Kg5 50. Rh8 h6 51. Rh7 Re6 52. Rg7+ Kf6 53. Rh7 Ke5 54.
Rg7 Kf4 55. b4 axb4 56. axb4 Nc6 57. b5 Ne5+ 58. Kd4 Nxg4 59. Kc5 Re5+ 60. Kc6
Rxh5 61. b6 Ne5+ 62. Kc7 Nc4 63. b7 Rc5+ 64. Kd8 Rb5 65. Kc7 Rc5+ 66. Kd8 Rb5
67. Kc7 Ke5 1/2-1/2

[Event "Torneo Internazionale"]
[Site "Stavanger NOR"]
[Date "2014.06.07"]
[Round "4"]
[White "Caruana, Fabiano"]
[Black "Giri, Anish"]
[WhiteElo "2791"]
[BlackElo "2752"]
[Result "1/2-1/2"]
[EventDate "2014.06.03"]

1. c4 e5 2. Nc3 Nf6 3. Nf3 Nc6 4. g3 d5 5. cxd5 Nxd5 6. Bg2 Nb6 7. O-O Be7 8. d3
O-O 9. a3 Be6 10. Be3 f5 11. Rc1 Kh8 12. b4 a6 13. Bc5 Bg8 14. e3 Bxc5 15. bxc5
Nd5 16. Qd2 Qe7 17. Ne2 Rab8 18. Nh4 Qf6 19. Qb2 g5 20. Nf3 Nde7 21. Rcd1 Qg7
22. Nd2 Bd5 23. e4 Be6 24. exf5 Nxf5 25. Rde1 Rfd8 26. Be4 Nfe7 27. f3 Bf5 28.
Qc2 Rd7 29. Nc4 b5 30. cxb6 cxb6 31. Ne3 Bh3 32. Rf2 Be6 33. Qb2 b5 34. Rc1 Nd4
35. Rc5 Rc8 36. Nxd4 exd4 37. Rxc8+ Nxc8 38. Nf5 Qe5 39. f4 gxf4 40. Rxf4 Ne7
41. Nh4 Qc5 42. Qf2 Kg7 43. Nf5+ Bxf5 44. Bxf5 Nxf5 45. Rxf5 Qc1+ 46. Kg2 Qe3
47. Qa2 Re7 48. Qd5 Qxd3 49. Rg5+ Kf6 50. Qd6+ Kxg5 51. Qxe7+ Kg6 52. Qe6+ Kg7
53. Qe7+ Kg6 1/2-1/2

[Event "Torneo Internazionale"]
[Site "Stavanger NOR"]
[Date "2014.06.08"]
[Round "5"]
[White "Kramnik, Vladimir"]
[Black "Caruana, Fabiano"]
[WhiteElo "2783"]
[BlackElo "2791"]
[Result "1-0"]
[EventDate "2014.06.03"]

1. d4 Nf6 2. c4 g6 3. Nf3 Bg7 4. g3 O-O 5. Bg2 c5 6. Nc3 cxd4 7. Nxd4 Qc7 8. Qd3
Nc6 9. O-O d6 10. b3 Nxd4 11. Qxd4 Ne4 12. Nd5 Bxd4 13. Nxc7 Bxa1 14. Be3 Bf6
15. Nxa8 Nc3 16. Bxa7 Nxa2 17. Nc7 Nb4 18. Rd1 Kg7 19. f4 h5 20. Kf2 h4 21. c5
hxg3+ 22. hxg3 dxc5 23. Bxc5 Na6 24. Nxa6 bxa6 25. e4 Bg4 26. Rd5 Bb2 27. Bxe7
Re8 28. Bd8 Be6 29. Rd3 Bf6 30. Bxf6+ Kxf6 31. Bf3 Rb8 32. Bd1 Rb4 33. Ke3 Ke7
34. g4 f6 35. g5 fxg5 36. fxg5 a5 37. Kf4 Rb5 38. Rc3 Kd6 39. Bc2 Rb4 40. Rg3
Ke7 41. Rd3 Rb5 42. Rc3 Kd7 43. Bd1 Kd6 44. Rd3+ Ke7 45. Rd2 Bxb3 46. Bxb3 Rxb3
47. Rd5 a4 48. Ra5 a3 49. Ke5 Kf7 50. Ra7+ Ke8 51. Kf6 Rb6+ 52. Kg7 1-0

[Event "Torneo Internazionale"]
[Site "Stavanger NOR"]
[Date "2014.06.09"]
[Round "6"]
[White "Agdestein, Simen"]
[Black "Caruana, Fabiano"]
[WhiteElo "2628"]
[BlackElo "2791"]
[Result "1/2-1/2"]
[EventDate "2014.06.03"]

1. d4 d6 2. Nf3 g6 3. g3 Bg7 4. Bg2 c5 5. O-O cxd4 6. Nxd4 Qb6 7. Be3 Qa5 8. Qd2
Qxd2 9. Nxd2 a6 10. c4 Nf6 11. h3 e5 12. N4b3 Nc6 13. Rfd1 Be6 14. Bg5 O-O-O 15.
Ne4 Nxe4 16. Bxd8 Nxg3 17. fxg3 Rxd8 18. Bd5 Bxh3 19. Bxf7 Bg4 20. Rf1 e4 21.
Bd5 Bf5 22. e3 Nb4 23. Rf2 Bh6 24. Kg2 Nxd5 25. cxd5 Bxe3 26. Re2 Bg5 27. Nd4
Re8 28. Nxf5 gxf5 29. Rf1 Re5 30. Ref2 e3 31. Rc2+ Kb8 32. Rd1 f4 33. gxf4 Bxf4
34. Kf3 Bg5 35. b4 h6 36. a4 Rf5+ 37. Ke2 Rf4 38. Rb1 Rd4 39. b5 Rxa4 40. bxa6
Rxa6 41. Rcb2 Ra7 42. Rf1 Ra5 1/2-1/2

[Event "Torneo Internazionale"]
[Site "Stavanger NOR"]
[Date "2014.06.10"]
[Round "7"]
[White "Caruana, Fabiano"]
[Black "Topalov, Veselin"]
[WhiteElo "2791"]
[BlackElo "2772"]
[Result "1/2-1/2"]
[EventDate "2014.06.03"]

1. e4 c5 2. Nf3 d6 3. d4 cxd4 4. Nxd4 Nf6 5. Nc3 a6 6. f3 e6 7. Be3 b5 8. Qd2 b4
9. Na4 Nbd7 10. O-O-O Qa5 11. b3 Bb7 12. a3 Qc7 13. axb4 d5 14. b5 e5 15. bxa6
Bxa6 16. Nb5 Bxb5 17. Bxb5 d4 18. Bxd4 exd4 19. Qxd4 Ra5 20. Qd3 Ba3+ 21. Kb1
Ke7 22. Bxd7 Nxd7 23. Nc3 Ne5 24. Nd5+ Rxd5 25. Qxd5 Rc8 26. c4 Bc5 27. f4 Ng6
28. g3 Ke8 29. Rd3 Ne7 30. Qe5 Qxe5 31. fxe5 Nc6 32. Rhd1 Nxe5 33. Rd5 f6 34.
Kb2 Ke7 35. Kc3 Bf2 36. Ra1 Rc7 37. Ra2 Be1+ 38. Kb2 Nc6 39. Ra1 Bb4 40. Ra8 Bd6
41. Ra6 Be5+ 42. Ka3 Nb8 43. Raa5 Nc6 44. Ra4 Nd4 45. Rda5 Bd6+ 46. Kb2 Be5 47.
Ka3 Nc2+ 48. Ka2 Bd4 49. Rd5 Bc3 50. Kb1 Nb4 51. Rb5 Nc6 52. Rc5 Bd4 53. Rd5 Bg1
54. b4 Ne5 55. c5 Rb7 56. Kc2 Bxh2 57. b5 Rxb5 58. Ra7+ Ke8 59. Rxg7 Bg1 60. Rc7
Rb4 61. c6 Bb6 62. Rxh7 Rxe4 63. Rh4 Rxh4 64. gxh4 Nxc6 65. Rd6 Nb4+ 66. Kb3 Bc5 1/2-1/2

[Event "Torneo Internazionale"]
[Site "Stavanger NOR"]
[Date "2014.06.12"]
[Round "8"]
[White "Aronian, Levon"]
[Black "Caruana, Fabiano"]
[WhiteElo "2815"]
[BlackElo "2791"]
[Result "1/2-1/2"]
[EventDate "2014.06.03"]

1. Nf3 c5 2. c4 Nc6 3. Nc3 e5 4. e3 Nf6 5. d4 e4 6. d5 exf3 7. dxc6 bxc6 8. e4
Qc7 9. gxf3 g6 10. Be3 d6 11. Qd2 Be6 12. O-O-O Nd7 13. f4 O-O-O 14. Rg1 f5 15.
exf5 gxf5 16. Qe2 Rg8 17. Rxg8 Bxg8 18. Qd3 Nb6 19. Qxf5+ Kb7 20. b3 d5 21. Qd3
Qg7 22. cxd5 Nxd5 23. Qa6+ Kb8 24. Qa5 Be7 25. Bc4 Nxe3 26. fxe3 Rxd1+ 27. Nxd1
Bd5 28. Bxd5 cxd5 29. Nc3 Qg1+ 30. Kb2 Qf2+ 31. Ka3 Qd2 32. f5 Kb7 33. Qb5+ Kc7
34. Qe8 Bd6 35. Qf7+ Kc6 36. Qe8+ Kc7 37. Qf7+ Kc6 38. Qe8+ 1/2-1/2

[Event "I Festival San Giovanni A"]
[Site "Torino ITA"]
[Date "2014.06.20"]
[Round "1"]
[White "Castelli, Giovanni J."]
[Black "Yao, Stefano"]
[WhiteElo "1897"]
[BlackElo "2152"]
[Result "0-1"]
[PlyCount "132"]
[EventDate "2014.06.20"]

1. d4 Nf6 2. Bf4 c5 3. e3 e6 4. c3 Nc6 5. Bd3 d5 6. Nd2 Be7 7. h3 Qb6 8. Rb1
Bd7 9. Ngf3 O-O 10. O-O Rfc8 11. Ne5 Be8 12. Ndf3 Nxe5 13. Nxe5 Bb5 14. Bxb5
Qxb5 15. Qb3 Qxb3 16. axb3 Ne4 17. Rfd1 f6 18. Nf3 g5 19. Bh2 h5 20. Nd2 Nxd2
21. Rxd2 Kf7 22. Re1 f5 23. Be5 g4 24. hxg4 hxg4 25. g3 a5 26. Ra1 c4 27. bxc4
Rxc4 28. Kf1 b5 29. Kg2 a4 30. Rh1 Kg6 31. Bf4 Bf8 32. Rh8 Rac8 33. Rd3 Bg7 34.
Rxc8 Rxc8 35. Bd6 Bf8 36. Bxf8 Rxf8 37. Rd1 Rc8 38. Ra1 Kf6 39. Kf1 e5 40. Ke2
exd4 41. exd4 Re8+ 42. Kd2 Re4 43. Rh1 b4 44. Rh6+ Kg5 45. Ra6 a3 46. bxa3
bxc3+ 47. Kxc3 Re2 48. a4 Rxf2 49. a5 Rf3+ 50. Kb4 Rxg3 51. Rd6 Rd3 52. Rxd5 g3
53. Rd8 Kf4 54. a6 g2 55. Rg8 Rg3 56. Rxg3 Kxg3 57. a7 g1=Q 58. a8=Q Qxd4+ 59.
Kb3 Qe3+ 60. Kb2 Qf2+ 61. Kc1 Qg1+ 62. Kd2 Qg2+ 63. Qxg2+ Kxg2 64. Ke3 Kg3 65.
Ke2 f4 66. Kf1 Kf3 0-1

[Event "I Festival San Giovanni A"]
[Site "Torino ITA"]
[Date "2014.06.20"]
[Round "1"]
[White "Sorcinelli, Francesco"]
[Black "Matta, Francesca"]
[WhiteElo "2168"]
[BlackElo "1906"]
[Result "1-0"]
[PlyCount "51"]
[EventDate "2014.06.20"]

1. e4 c5 2. Nc3 Nc6 3. Nge2 g6 4. d4 cxd4 5. Nxd4 Bg7 6. Be3 d6 7. Qd2 Nf6 8.
f3 O-O 9. O-O-O Re8 10. Bc4 Bd7 11. h4 h5 12. g4 Ne5 13. Bb3 hxg4 14. Bh6 gxf3
15. h5 Nfg4 16. hxg6 Nxg6 17. Bxg7 Kxg7 18. Nf5+ Bxf5 19. exf5 Rh8 20. fxg6
fxg6 21. Ne4 Qb6 22. Rxh8 Rxh8 23. Qc3+ Ne5 24. Ng5 Qf2 25. Bd5 Kf6 26. Ne4+
1-0

[Event "I Festival San Giovanni A"]
[Site "Torino ITA"]
[Date "2014.06.21"]
[Round "2"]
[White "Briata, Federico"]
[Black "Sorcinelli, Francesco"]
[WhiteElo "1966"]
[BlackElo "2168"]
[Result "1/2-1/2"]
[PlyCount "117"]
[EventDate "2014.06.20"]

1. e4 e5 2. Nf3 Nc6 3. d4 exd4 4. Nxd4 Nf6 5. Nxc6 bxc6 6. e5 Qe7 7. Qe2 Nd5 8.
c4 Nb6 9. Nc3 a5 10. Qe4 g6 11. Bd3 Bg7 12. f4 O-O 13. O-O Ba6 14. b3 d5 15.
Qf3 dxc4 16. bxc4 Nxc4 17. Ne4 Rfd8 18. Bxc4 Bxc4 19. Ba3 Qe6 20. Rfd1 Bd5 21.
Qe2 Qf5 22. Nf6+ Bxf6 23. exf6 Re8 24. Qd2 Re4 25. Be7 h5 26. Rf1 Rb8 27. Rae1
Rb5 28. Rxe4 Qxe4 29. f5 Rb1 30. fxg6 Rxf1+ 31. Kxf1 fxg6 32. a3 Kf7 33. h3 c5
34. Kg1 c4 35. Kf1 c3 36. Qxc3 Qxg2+ 37. Ke1 Qg1+ 38. Ke2 Qh2+ 39. Ke1 a4 40.
Qd3 Qe5+ 41. Kd2 Be4 42. Qc4+ Qd5+ 43. Qxd5+ Bxd5 44. h4 Ke6 45. Kc3 Kf5 46.
Kd4 Bf7 47. Bd8 Kg4 48. Bxc7 Kxh4 49. Ke3 Kg5 50. Be5 Kf5 51. Bd4 g5 52. Kf3 h4
53. Kg2 g4 54. Bf2 Kg5 55. Be1 h3+ 56. Kg3 Kxf6 57. Bb4 Kf5 58. Bd6 Bd5 59. Bc7
1/2-1/2

[Event "I Festival San Giovanni A"]
[Site "Torino ITA"]
[Date "2014.06.21"]
[Round "2"]
[White "Faraoni, Enrico"]
[Black "Lizzul Coppe, Mirko"]
[WhiteElo "2087"]
[BlackElo "1705"]
[Result "1-0"]
[PlyCount "45"]
[EventDate "2014.06.20"]

1. f4 d5 2. Nf3 c5 3. g3 Nf6 4. Bg2 g6 5. O-O Bg7 6. d3 O-O 7. a3 Nc6 8. Nc3
Re8 9. e4 dxe4 10. dxe4 Bg4 11. e5 Qxd1 12. Rxd1 Nd7 13. Be3 Rad8 14. h3 Bf5
15. Ne1 f6 16. Bd5+ Kh8 17. g4 fxe5 18. gxf5 exf4 19. Bxf4 Bd4+ 20. Kh2 gxf5
21. Nf3 Bf6 22. Bxc6 bxc6 23. Bc7 1-0

[Event "I Festival San Giovanni A"]
[Site "Torino ITA"]
[Date "2014.06.22"]
[Round "3"]
[White "Davi, Alessandro"]
[Black "Briata, Federico"]
[WhiteElo "2130"]
[BlackElo "1966"]
[Result "1-0"]
[PlyCount "57"]
[EventDate "2014.06.20"]

1. d4 Nf6 2. Nf3 e6 3. e3 d5 4. Nbd2 Nbd7 5. a3 Bd6 6. c4 c6 7. Bd3 e5 8. cxd5
cxd5 9. dxe5 Nxe5 10. Nxe5 Bxe5 11. Nf3 Bc7 12. h3 O-O 13. b4 Re8 14. Bb2 Ne4
15. O-O a6 16. Rc1 Bf5 17. Bb1 Qd6 18. Qd4 f6 19. Rxc7 Qxc7 20. Qxd5+ Be6 21.
Qxe4 f5 22. Qh4 Qe7 23. Qxe7 Rxe7 24. Nd4 Kf7 25. Nxf5 Bxf5 26. Bxf5 g6 27. Bc2
Rc8 28. Bb3+ Ke8 29. Rd1 1-0

[Event "I Festival San Giovanni A"]
[Site "Torino ITA"]
[Date "2014.06.22"]
[Round "4"]
[White "Forno, Diego"]
[Black "Lizzul Coppe, Mirko"]
[WhiteElo "1710"]
[BlackElo "1705"]
[Result "1-0"]
[PlyCount "65"]
[EventDate "2014.06.20"]

1. e4 c5 2. Nf3 d6 3. d4 cxd4 4. Qxd4 Nc6 5. Bb5 Bd7 6. Bxc6 bxc6 7. c4 e5 8.
Qd3 Nf6 9. Nc3 h6 10. O-O Qc7 11. b3 Be6 12. Rd1 Be7 13. Ba3 Rd8 14. Rd2 O-O
15. Qe3 Qa5 16. Bb2 Ng4 17. Qe2 f5 18. Rad1 Qc7 19. b4 Nf6 20. a3 a5 21. exf5
Bxf5 22. b5 Bg4 23. Qe3 Be6 24. c5 Ng4 25. b6 Qb8 26. Qe4 d5 27. Qa4 e4 28.
Qxc6 Rf6 29. Nxe4 dxe4 30. Rxd8+ Bxd8 31. Bxf6 Nxf6 32. Qxe6+ Kh7 33. Ne5 1-0

[Event "I Festival San Giovanni A"]
[Site "Torino ITA"]
[Date "2014.06.22"]
[Round "4"]
[White "Yao, Stefano"]
[Black "Faraoni, Enrico"]
[WhiteElo "2152"]
[BlackElo "2087"]
[Result "1/2-1/2"]
[PlyCount "26"]
[EventDate "2014.06.20"]

1. Nf3 h6 2. d4 g5 3. g3 d6 4. Bg2 Bg7 5. O-O Nf6 6. c4 Bf5 7. Nc3 Qc8 8. Re1
Ne4 9. Nxe4 Bxe4 10. Qa4+ c6 11. Be3 Nd7 12. Rac1 Nf6 13. Qa3 O-O 1/2-1/2

[Event "I Festival San Giovanni A"]
[Site "Torino ITA"]
[Date "2014.06.23"]
[Round "5"]
[White "Davi, Alessandro"]
[Black "Yao, Stefano"]
[WhiteElo "2130"]
[BlackElo "2152"]
[Result "1/2-1/2"]
[PlyCount "76"]
[EventDate "2014.06.20"]

1. d4 Nf6 2. Nf3 g6 3. g3 Bg7 4. Bg2 O-O 5. c4 d5 6. cxd5 Nxd5 7. O-O Nb6 8.
Nc3 Nc6 9. d5 Na5 10. e4 c6 11. Re1 Re8 12. Bg5 h6 13. Bf4 Nac4 14. Qc1 g5 15.
Be3 Nxe3 16. Qxe3 cxd5 17. Rad1 g4 18. Nh4 d4 19. Qc1 Bd7 20. Nd5 Rc8 21. Qb1
e6 22. Nf4 Qg5 23. e5 Bxe5 24. Nd3 Bg7 25. Bxb7 Rc7 26. Bg2 e5 27. f4 gxf3 28.
Nxf3 Qh5 29. g4 Qg6 30. Nfxe5 Bxe5 31. Nxe5 Qxb1 32. Rxb1 Bb5 33. Rbd1 Rce7 34.
Nf3 Rxe1+ 35. Nxe1 Na4 36. Bf1 Bc6 37. Nd3 Bf3 38. Rd2 Kf8 1/2-1/2